[Event "Balkaniad"]
[Site "Varna"]
[Date "1994.??.??"]
[Round "2"]
[White "Ilincic, Zlatko"]
[Black "Delchev, Aleksander"]
[Result "1/2-1/2"]
[WhiteElo "2530"]
[BlackElo "2480"]

1.d4 Nf6 2.c4 e6 3.Nc3 Bb4 4.f3 d5 5.a3 Bxc3+ 6.bxc3 c5 7.e3 O-O 8.Rb1 b6
9.cxd5 Nxd5 10.Qd2 cxd4 11.cxd4 f5 12.Bd3 Ba6 13.Ne2 Bxd3 14.Qxd3 Nd7 15.O-O Qc7
16.Bd2 Rac8 17.Rfc1 Qb7 18.e4 fxe4 19.fxe4 N5f6 20.Ng3 Rxc1+ 21.Rxc1 Rc8
22.Rf1 Rd8 23.Qb3 Re8 24.Qf3 a5 25.Qf4 e5 26.dxe5 Nxe5 27.Bc3 Qc6 28.Bd4 b5
29.Rc1 Nd3 30.Rxc6 Nxf4 31.Bxf6 gxf6 32.Rb6 Re5 33.Kf2 Ne6 34.Ke3 h5 35.h4 Kf7
36.Nf5 Nc5 37.Nd6+ Ke7 38.Nf5+ Kf7 39.Rxb5 Rxe4+ 40.Kf3 Re5 41.Ng3 Nd3 42.Rxe5 Nxe5+
43.Ke4 Nc4 44.Nxh5 Nxa3 45.Nf4 Nc4 46.Kd4 Nd6 47.Kc5 Nf5 48.h5 Kg7 49.Nd5 Ng3  1/2-1/2

[Event "Balkaniad"]
[Site "Varna"]
[Date "1994.??.??"]
[Round "5"]
[White "Erdogan, Hakan"]
[Black "Kolev, Aleksandar"]
[Result "1/2-1/2"]
[WhiteElo "2285"]
[BlackElo "2490"]

1.d4 Nf6 2.c4 e6 3.Nc3 Bb4 4.f3 d5 5.a3 Bxc3+ 6.bxc3 c5 7.cxd5 Nxd5 8.dxc5 Qa5
9.e4 Nf6 10.Qb3 Qxc5 11.Qb4 Qc7 12.a4 Nc6 13.Bb5 Nd7 14.Qa3 Na5 15.Ne2 a6
16.Bxd7+ Bxd7 17.O-O Nc4 18.Qb4 a5 19.Qb3 O-O 20.Rb1 e5 21.f4 Ra6 22.Qxb7 Qxb7
23.Rxb7 Bxa4 24.fxe5 Bc2 25.e6 fxe6 26.Rxf8+ Kxf8 27.Rc7 Bb3 28.Nd4 a4 29.Kf2 Ba2
30.Nc2 Rb6 31.Nb4 Bb3 32.Be3 Rb8 33.Nc6 Ra8 34.Bc5+ Kg8 35.Nd4  1/2-1/2

[Event "LTU-ch  Vilnius"]
[Site "Vilnius"]
[Date "1994.??.??"]
[Round "1"]
[White "Sakalauskas, Vaidas"]
[Black "Butnorius, Algimantas"]
[Result "1/2-1/2"]
[WhiteElo "2380"]
[BlackElo "2450"]

1.d4 Nf6 2.c4 e6 3.Nc3 Bb4 4.f3 d5 5.a3 Bxc3+ 6.bxc3 c5 7.cxd5 Nxd5 8.dxc5 Qa5
9.e4 Ne7 10.Be3 Qxc3+ 11.Kf2 O-O 12.Ne2 Qa5 13.Qd2 Qxd2 14.Bxd2 Nbc6 15.Be3 e5
16.Nc3 Be6 17.Nb5 Rad8 18.Rb1 Rd7 19.Be2 f5 20.exf5 Nxf5 21.Rhd1 Nfd4 22.Bd3 Bd5
23.Bxd4 exd4 24.Bc2 Rf4 25.Ba4 Re7 26.Nd6 Ne5 27.Rb4 Nxf3 28.gxf3 Rxf3+ 29.Kg1 Re5
30.Rdxd4 Re1+ 31.Kg2 Re2+ 32.Kg1 Re1+  1/2-1/2

[Event "LTU-ch  Vilnius"]
[Site "Vilnius"]
[Date "1994.??.??"]
[Round "8"]
[White "Sakalauskas, Vaidas"]
[Black "Piesina, Gintautas"]
[Result "0-1"]
[WhiteElo "2380"]
[BlackElo "2375"]

1.d4 Nf6 2.c4 e6 3.Nc3 Bb4 4.f3 c5 5.d5 Nh5 6.Nh3 Qh4+ 7.Nf2 Qxc4 8.e4 Qd4
9.Bd2 exd5 10.Qc1 dxe4 11.a3 Ba5 12.b4 Bb6 13.Nb5 Qe5 14.fxe4 O-O 15.Be2 a6
16.bxc5 axb5 17.cxb6 d5 18.O-O dxe4 19.Bc3 Nf4 20.Re1 Nxe2+ 21.Rxe2 Qh5 22.Qb2 f6
23.Nxe4 Nc6 24.Rae1 Bg4 25.Re3 Rae8 26.h3 Bd7 27.Kh1 Ne5 28.Nd6 Nc4 29.Nxc4 bxc4
30.Qb4 Qd5 31.Kh2 Rxe3 32.Rxe3 Bc6 33.Rg3 Kf7 34.Qb1 Qe4 35.Qd1 Qd5 36.Qg4 Rg8
37.Qh4 h5 38.Qf4 Qe6 39.Re3 Qd5 40.Qc7+ Kg6 41.Rg3+ Kh6 42.Qe7 Be8 43.h4 Bf7
44.Qe3+ Kh7 45.Qf4 Be8 46.Qc7 Bd7 47.Re3 Bc6 48.Rg3 Bd7 49.Re3 Rc8 50.Qf4 Bc6
51.Rg3 Qe6 52.Re3 Qd7 53.Bb4 Qd5 54.Rg3 Re8 55.Bc3 Re6 56.Qd4 Qxd4 57.Bxd4 Re4
58.Bc3 Rxh4+ 59.Rh3 Re4 60.Kg1 Re2 61.Bd4 Kh6 62.Bf2 g5 63.Re3 Rxe3 64.Bxe3 c3  0-1

[Event "Werfen op"]
[Site "Werfen"]
[Date "1994.??.??"]
[Round "?"]
[White "Braun, Christian"]
[Black "Grabert, Ralf"]
[Result "0-1"]
[WhiteElo "2180"]
[BlackElo "2220"]

1.d4 Nf6 2.c4 e6 3.Nc3 Bb4 4.f3 d5 5.a3 Bxc3+ 6.bxc3 c5 7.cxd5 Nxd5 8.Qd3 b6
9.e4 Ba6 10.Qd2 Bxf1 11.Kxf1 Nf6 12.Ne2 O-O 13.Kf2 Nc6 14.Rd1 cxd4 15.cxd4 Na5
16.Qd3 Rc8 17.Kg1 Nc4 18.Ra2 Qd7 19.Bg5 Qa4 20.Bxf6 gxf6 21.Ng3 Ne3 22.Rdd2 Rc1+
23.Kf2 Nd1+ 24.Ke2 Nc3+ 25.Kf2 Nxa2 26.Rxa2 Rd1 27.Rd2 Rxd2+ 28.Qxd2 Rc8
29.Ne2 Rc2 30.Qe3 Qa5 31.Qf4 Qd2 32.Qg3+ Kf8 33.Qd6+ Kg7 34.Qg3+ Qg5 35.Qd6 h6  0-1

[Event "Zuerich op2"]
[Site "Zuerich"]
[Date "1994.??.??"]
[Round "2"]
[White "Krizsany, Laszlo"]
[Black "Berset, Philippe"]
[Result "1-0"]
[WhiteElo "2385"]
[BlackElo "2235"]

1.d4 Nf6 2.c4 e6 3.Nc3 Bb4 4.f3 d5 5.a3 Bxc3+ 6.bxc3 c5 7.cxd5 Nxd5 8.dxc5 f5
9.Nh3 O-O 10.Nf4 Nc6 11.Nxd5 exd5 12.Bf4 Qf6 13.Qd2 h6 14.e3 Be6 15.Be2 Rac8
16.Rb1 Qh4+ 17.g3 Qh3 18.Bf1 Qh5 19.Rxb7 Qxf3 20.Bg2 Qh5 21.Bxd5 Rfe8 22.Bxe6+ Rxe6
23.Qd7  1-0

[Event "AUT-chT2O 9596"]
[Site "AUT"]
[Date "1995.??.??"]
[Round "1"]
[White "Krizsany, Laszlo"]
[Black "Eperjesi, Laszlo"]
[Result "1-0"]
[WhiteElo "2430"]
[BlackElo "2395"]

1.d4 Nf6 2.c4 e6 3.Nc3 Bb4 4.f3 O-O 5.e4 Ne8 6.Ne2 f5 7.a3 Bxc3+ 8.Nxc3 d6
9.Be3 Nc6 10.Bd3 Qh4+ 11.Bf2 Qf6 12.Bc2 a5 13.O-O f4 14.Rc1 b6 15.Ba4 Bb7
16.Re1 Qg5 17.d5 Nd8 18.b4 Bc8 19.c5 axb4 20.axb4 bxc5 21.bxc5 exd5 22.Bxe8 Rxe8
23.Qxd5+ Qxd5 24.Nxd5 Ne6 25.cxd6 cxd6 26.Rc6 Bb7 27.Rxd6 Rad8 28.Rb6 Rd7
29.Rd1 Kf7 30.Nc3 Rxd1+ 31.Nxd1 Ba8 32.Kf1 g5 33.Nb2 h5 34.Nd3 Rc8 35.Rb5 Rc2
36.h4 g4 37.Rf5+ Kg6 38.Nxf4+ Nxf4 39.Rxf4 Rc1+ 40.Ke2 Bc6 41.fxg4  1-0

[Event "AUT-chT2O 9596"]
[Site "AUT"]
[Date "1995.??.??"]
[Round "6"]
[White "Krizsany, Laszlo"]
[Black "Rittler, Robert"]
[Result "1-0"]
[WhiteElo "2430"]
[BlackElo "2240"]

1.d4 Nf6 2.c4 e6 3.Nc3 Bb4 4.f3 d5 5.a3 Bxc3+ 6.bxc3 c5 7.cxd5 Nxd5 8.dxc5 Qa5
9.e4 Ne7 10.Be3 O-O 11.Qb3 Qc7 12.Nh3 e5 13.Nf2 Be6 14.Bc4 Bxc4 15.Qxc4 Nd7
16.Nd3 Rfc8 17.Rb1 Nc6 18.Ke2 b6 19.Rhd1 Kf8 20.Qa4 Na5 21.Rb5 f6 22.Nb4 Nb7
23.c6 Ndc5 24.Qc2 Nd8 25.Bxc5+ bxc5 26.Rd7 cxb4 27.Rxc7 Rxc7 28.axb4 Rxc6
29.Qd3 Ke7 30.Rd5 Ne6 31.g3 Rac8 32.Rd7+ Ke8 33.Rxa7 Nd4+ 34.cxd4 Rc2+ 35.Kd1 Rxh2
36.Qb5+ Kf8 37.Qd7 Rh1+ 38.Kd2  1-0

[Event "Berliner Sommer"]
[Site "Berlin"]
[Date "1995.??.??"]
[Round "3"]
[White "Josephsen, Niels"]
[Black "Kaye, B."]
[Result "1-0"]
[WhiteElo "2255"]
[BlackElo "1970"]

1.d4 Nf6 2.c4 e6 3.Nc3 Bb4 4.f3 d5 5.a3 Bxc3+ 6.bxc3 c6 7.Bg5 h6 8.Bh4 Nbd7
9.e3 Qa5 10.Qd2 O-O 11.Bd3 dxc4 12.Bxc4 Nb6 13.Bd3 Nfd5 14.Ne2 Re8 15.O-O e5
16.dxe5 Rxe5 17.e4 Nc7 18.f4 Re8 19.f5 Nc4 20.Bxc4 Qc5+ 21.Qd4 Qxd4+ 22.Nxd4 Rxe4
23.Bg3 c5 24.Bxc7 cxd4 25.cxd4 Rxd4 26.Rac1 Bd7 27.Be5 Re4 28.Bg3 Re3 29.f6 g6
30.Rfe1 Rae8 31.Kf2 Rxa3 32.Rxe8+ Bxe8 33.Re1 Bc6 34.Re8+  1-0

[Event "Biel Credis op"]
[Site "Biel"]
[Date "1995.??.??"]
[Round "5"]
[White "Hochstrasser, Michael"]
[Black "Alexandria, Nana"]
[Result "1-0"]
[WhiteElo "2255"]
[BlackElo "2350"]

1.d4 Nf6 2.c4 e6 3.Nc3 Bb4 4.f3 Nc6 5.e4 d6 6.Be3 Bxc3+ 7.bxc3 O-O 8.Bd3 e5
9.Ne2 b6 10.O-O Qe8 11.Ng3 Kh8 12.Qe2 Ng8 13.f4 f6 14.h4 Ba6 15.f5 Na5 16.a4 Qf7
17.d5 c6 18.Nh1 Rac8 19.g4 cxd5 20.cxd5 Bxd3 21.Qxd3 Rc4 22.Nf2 Rfc8 23.Ra3 Qe8
24.Rfa1 Ne7 25.Kh2 g6 26.Rg1 Qf7 27.Bd2 gxf5 28.gxf5 Qh5 29.Rg4 Rg8 30.Rxg8+ Nxg8
31.Kh3 Rc7 32.Ng4 Nc4 33.Ra2 Qf7 34.Bc1 Qe8 35.Rg2 Qh5  1-0

[Event "GER-ch"]
[Site "Binz"]
[Date "1995.??.??"]
[Round "1"]
[White "Knuth, Hannes"]
[Black "Gerstner, Wolfgang"]
[Result "1-0"]
[WhiteElo "2265"]
[BlackElo "2370"]

1.d4 Nf6 2.c4 e6 3.Nc3 Bb4 4.f3 d5 5.a3 Bxc3+ 6.bxc3 c5 7.cxd5 Nxd5 8.Qd3 b6
9.e4 Ba6 10.c4 Ne7 11.d5 exd5 12.exd5 O-O 13.Bb2 Nc8 14.Qc3 Qg5 15.Kf2 Nd6
16.h4 Qf6 17.Qc2 Qd8 18.Bd3 f5 19.Ne2 Qc7 20.Nf4 Bc8 21.g3 b5 22.Rhe1 bxc4
23.Bxc4 Kh8 24.h5  1-0

[Event "GER-ch"]
[Site "Binz"]
[Date "1995.??.??"]
[Round "8"]
[White "Machelett, Heiko"]
[Black "Loew, Gerald"]
[Result "1-0"]
[WhiteElo "2385"]
[BlackElo "2285"]

1.d4 Nf6 2.c4 e6 3.Nc3 Bb4 4.f3 Nc6 5.e3 Bxc3+ 6.bxc3 O-O 7.Bd3 d6 8.Ne2 e5
9.O-O Re8 10.e4 h6 11.Be3 Qe7 12.Qd2 Qf8 13.Ng3 b6 14.h3 Ne7 15.f4 Nd7 16.Rf2 c5
17.fxe5 dxe5 18.d5 Bb7 19.Raf1 Rad8 20.Qe2 f6 21.Qg4 Kh7 22.Bc2 Nc8 23.Ba4 Re7
24.Nh5 Nd6 25.Bxd7 Rdxd7 26.Bxh6 f5 27.exf5 gxh6 28.Qg6+ Kh8 29.Nf6 Rd8 30.Ng4 Nxc4
31.f6 Rh7 32.f7 h5 33.Qf6+ Rg7 34.Qxd8 Qxd8 35.f8=Q+ Qxf8 36.Rxf8+ Kh7 37.Nf6+ Kg6
38.Ne8 Re7 39.R1f6+ Kg5 40.Rg8+ Kh4 41.Kh2  1-0

[Event "Budapest FS07 IM-A"]
[Site "Budapest"]
[Date "1995.??.??"]
[Round "?"]
[White "Patelli, Alessandro"]
[Black "Orso, Miklos"]
[Result "0-1"]
[WhiteElo "2205"]
[BlackElo "2400"]

1.d4 Nf6 2.c4 e6 3.Nc3 Bb4 4.f3 c5 5.d5 d6 6.Bd2 O-O 7.e4 Nbd7 8.Nh3 Nb6
9.Nf2 Re8 10.Be2 exd5 11.cxd5 c4 12.O-O h6 13.b3 cxb3 14.axb3 Nbd7 15.Nd3 Ba5
16.Kh1 a6 17.b4 Bb6 18.Qc2 Nf8 19.Rfc1 Ng6 20.Ra2 Bd7 21.Qb3 Rc8 22.Rac2 Qe7
23.b5 axb5 24.Nxb5 Rxc2 25.Rxc2 Ra8 26.Rc1 Be8 27.Nc7 Bxc7 28.Qxb7 Ba5 29.Qxa8 Bxd2
30.Rc8 Kh7 31.Rc2 Be3 32.Nb4 Nh5 33.g3 Bd7 34.Qa1 Nf6 35.Bd3 Ne5 36.Qf1 Bc5
37.Na6 Bd4 38.Nb4 g6 39.Nc6 Bxc6 40.dxc6 Bc5 41.Bb5 Qc7 42.f4 Nxc6 43.Qc4 Nd8
44.h3 Qa5 45.e5 Nh5 46.Rc3 Qa1+ 47.Rc1 Qa8+ 48.Kh2 Qf3  0-1

[Event "Cannes Martinez op"]
[Site "Cannes"]
[Date "1995.??.??"]
[Round "8"]
[White "Etchegaray, Patrice"]
[Black "Urday, Henry"]
[Result "0-1"]
[WhiteElo "2340"]
[BlackElo "2435"]

1.d4 Nf6 2.c4 e6 3.Nc3 Bb4 4.f3 d5 5.a3 Bxc3+ 6.bxc3 c5 7.cxd5 Nxd5 8.Qd3 O-O
9.e4 Ne7 10.dxc5 Qa5 11.Qc4 e5 12.Be3 Nec6 13.Qb3 Qc7 14.a4 Be6 15.Qa3 Na5
16.Nh3 Nd7 17.Rd1 h6 18.Bb5 a6 19.Be2 Rac8 20.Nf2 Nxc5 21.Qb4 Ncb3 22.c4 Nd4
23.Bxd4 exd4 24.O-O Bxc4 25.Bxc4 Nxc4 26.Rc1 Qc6 27.Rfd1 Rfd8 28.Nd3 a5 29.Qb3 Qa6
30.Rb1 Rc7 31.Nf4 Ne3 32.Rd2 Rc4 33.Nd3 Rdc8 34.Qb5 Qxb5 35.Rxb5 Rc2 36.Rxc2 Rxc2
37.Nf4 g5 38.Nd5 Rxg2+ 39.Kh1 Rf2 40.h3 Rxf3 41.Rxa5 Nxd5 42.Rxd5 Rxh3+ 43.Kg1 Rb3  0-1

[Event "Cappelle op"]
[Site "Cappelle la Grande"]
[Date "1995.??.??"]
[Round "9"]
[White "Gerard, Nicolas"]
[Black "Kalesis, Nikolaos"]
[Result "0-1"]
[WhiteElo "2165"]
[BlackElo "2410"]

1.d4 Nf6 2.c4 e6 3.Nc3 Bb4 4.f3 c5 5.d5 Bxc3+ 6.bxc3 d6 7.e4 e5 8.Bd3 Nbd7
9.Ne2 Nf8 10.h4 h6 11.Be3 Qe7 12.Qd2 Bd7 13.g4 Ng6 14.h5 Nf8 15.Ng3 N6h7
16.Ke2 Ng5 17.a4 Nfh7 18.a5 O-O 19.Rab1 Rab8 20.Nf5 Bxf5 21.gxf5 Qc7 22.Rb5 Qe7
23.Bc2 Rfc8 24.Bd3 Kh8 25.Kf2 Rc7 26.Kg2 Rg8 27.Kf2 Qd8 28.Bf1 Qf6 29.Bg2 Qd8
30.Ke2 Rd7 31.Bh3 b6 32.Bg4 bxa5 33.Qa2 a6 34.Rxa5 Rb7 35.Rxa6 Qb8 36.Kd3 Nf6
37.Bxg5 hxg5 38.Qd2 Nh7 39.Rh2 Rb1 40.h6 g6 41.fxg6 fxg6 42.Qa2 Nf6 43.Be6 Rf8
44.Rd2 Rf1 45.Ke2 Rh1 46.Kd3 Rf1 47.Rb2 Rxf3+ 48.Ke2 Qxb2+ 49.Qxb2 Nxe4 50.Qb1 Nxc3+
51.Kd2 Ne4+ 52.Ke2 Ng3+ 53.Kd2 Rf2+ 54.Ke1 Rf1+ 55.Kd2 R8f2+ 56.Kc3  0-1

[Event "Coria op"]
[Site "Coria"]
[Date "1995.??.??"]
[Round "9"]
[White "Carrabeo, M."]
[Black "Gonzales, J."]
[Result "1/2-1/2"]
[WhiteElo "1800"]
[BlackElo "2370"]

1.d4 Nf6 2.c4 e6 3.Nc3 Bb4 4.f3 c5 5.a3 Bxc3+ 6.bxc3 d6 7.e4 Nc6 8.d5 Na5
9.Bd3 O-O 10.Ne2 e5 11.O-O b6 12.Qc2 h6 13.g4 Nh7 14.Ng3 Qh4 15.Rb1 g6 16.Kh1 Ba6
17.Qf2 Rae8 18.Bd2 Bc8 19.Be1 Qf6 20.Bd2 Qh4 21.Be1  1/2-1/2

[Event "Formia op"]
[Site "Formia"]
[Date "1995.??.??"]
[Round "?"]
[White "Malaniuk, Vladimir P"]
[Black "Naumkin, Igor"]
[Result "1-0"]
[WhiteElo "2615"]
[BlackElo "2500"]

1.d4 e6 2.c4 Nf6 3.Nc3 Bb4 4.f3 d5 5.a3 Bxc3+ 6.bxc3 c5 7.cxd5 Nxd5 8.dxc5 f5
9.Qc2 f4 10.e4 fxe3 11.Bd3 Nd7 12.Ne2 Nxc5 13.O-O Nxd3 14.Qxd3 O-O 15.Bxe3 Qc7
16.Bd4 Nb6 17.Bxb6 axb6 18.Rfd1 e5 19.Qd5+ Rf7 20.Qd8+ Qxd8 21.Rxd8+ Rf8
22.Rd5 Re8 23.Ng3 Ra5 24.Rxa5 bxa5 25.Rd1 Kf8 26.Rd5 b6 27.Kf2 Re7 28.Ke3 Rc7
29.Kd3 Ba6+ 30.Kd2 Rc5 31.Rxc5 bxc5 32.Ne4 c4 33.Ke3 Ke7 34.f4 exf4+ 35.Kxf4 Bb7
36.Ke5 Ba8 37.g3  1-0

[Event "Geneve op"]
[Site "Geneve"]
[Date "1995.??.??"]
[Round "5"]
[White "Liardet, Fabrice"]
[Black "Masserey, Yvan"]
[Result "0-1"]
[WhiteElo "2290"]
[BlackElo "2345"]

1.d4 e6 2.c4 Nf6 3.Nc3 Bb4 4.f3 d5 5.a3 Bxc3+ 6.bxc3 O-O 7.cxd5 exd5 8.e3 Bf5
9.Ne2 c5 10.g4 Bg6 11.Nf4 Nbd7 12.h4 h6 13.Nxg6 fxg6 14.Bd3 Qc7 15.Ke2 Qd6
16.Qg1 Ne8 17.Bd2 Rc8 18.Qh2 Qe6 19.g5 h5 20.Qh3 Qf7 21.Bxg6 Qxg6 22.Qxd7 Nd6
23.dxc5 Rxc5 24.Rab1 Rcc8 25.Rhc1 Rf7 26.Qh3 Rcf8 27.Rf1 Ne4 28.fxe4 Qa6+
29.Kd1 Rxf1+  0-1

[Event "Genting zt"]
[Site "Genting"]
[Date "1995.??.??"]
[Round "5"]
[White "Adianto, Utut"]
[Black "Garma, Chito"]
[Result "1/2-1/2"]
[WhiteElo "2585"]
[BlackElo "2390"]

1.d4 Nf6 2.c4 e6 3.Nc3 Bb4 4.f3 d5 5.a3 Bxc3+ 6.bxc3 O-O 7.cxd5 exd5 8.e3 c5
9.Bd3 b6 10.Ne2 Ba6 11.Bb1 Re8 12.g4 Nc6 13.Ng3 g6 14.Kf2 cxd4 15.cxd4 Rc8
16.h4 Na5 17.Ra2 Re6 18.h5 Rec6 19.Bd2 Nc4 20.hxg6 fxg6 21.g5 Ne8 22.f4 Nxd2
23.Rxd2 Nd6 24.Qf3 Nc4 25.Ra2 Re6 26.Nh5 gxh5 27.Bxh7+ Kf8 28.Bf5 Ke7 29.Bxe6 Kxe6
30.Rxh5 Kd6 31.Rh7 Qe8 32.Re2 Nxa3 33.e4 Qa4 34.e5+ Kc6 35.Rh6+ Kb7 36.Qxd5+ Kb8
37.Rh7 Qd1 38.Qd6+ Ka8 39.Qd5+ Kb8 40.Qd6+ Ka8 41.Qd5+ Kb8 42.Qd6+  1/2-1/2

[Event "NRW-Liga I 9495"]
[Site "Germany"]
[Date "1995.??.??"]
[Round "?"]
[White "Werbeck, Torsten"]
[Black "Gruen, Peter"]
[Result "1-0"]
[WhiteElo "2275"]
[BlackElo "2370"]

1.d4 Nf6 2.c4 e6 3.Nc3 Bb4 4.f3 c5 5.d5 d6 6.e4 e5 7.Bd3 Nbd7 8.Ne2 h6 9.h4 a6
10.h5 O-O 11.Ng3 Nh7 12.Be3 Ndf6 13.Qd2 Bd7 14.a3 Bxc3 15.Qxc3 b5 16.b4 cxb4
17.axb4 bxc4 18.Bxc4 Qc7 19.Qb3 Rfc8 20.Rxa6 Rab8 21.Be2 Qc2 22.Qxc2 Rxc2
23.Rxd6 Rxb4 24.Rb6 Rxb6 25.Bxb6 Rc1+ 26.Bd1 Rb1 27.Bc7 Ba4 28.Kd2 Bxd1 29.Rxd1 Rb2+
30.Ke3 Rxg2 31.Bxe5 Nd7 32.Bf4 g5 33.Bc7 Nhf6 34.Nf5 Kh7 35.e5 Nxh5 36.e6 fxe6
37.dxe6 Ndf6 38.Rd7+ Kh8 39.Be5 Rg1 40.Kf2 Rb1 41.Rf7  1-0

[Event "BL2-W9495"]
[Site "Germany"]
[Date "1995.??.??"]
[Round "?"]
[White "Kos, Sebastian"]
[Black "Von Gleich, Alexander"]
[Result "0-1"]
[WhiteElo "2285"]
[BlackElo "2315"]

1.d4 Nf6 2.c4 e6 3.Nc3 Bb4 4.f3 d5 5.a3 Bxc3+ 6.bxc3 c5 7.cxd5 Nxd5 8.Qd3 cxd4
9.cxd4 b6 10.e4 Ba6 11.Qd2 Bxf1 12.exd5 Ba6 13.dxe6 O-O 14.Ne2 fxe6 15.Bb2 Nc6
16.Bc3 Rc8 17.Rd1 Qh4+ 18.Ng3 Ne7 19.Bb4 Rfd8 20.Kf2 Nf5 21.Qb2 Nxd4 22.Rd2 Rc2
23.Rxc2 Nxc2 24.Qxc2 Qd4+ 25.Ke1 Qe3+ 26.Ne2 Rc8  0-1

[Event "HUN-chT2 9495"]
[Site "HUN"]
[Date "1995.??.??"]
[Round "?"]
[White "Krizsany, Laszlo"]
[Black "Mihalko, Jozsef"]
[Result "1/2-1/2"]
[WhiteElo "2440"]
[BlackElo "2350"]

1.d4 Nf6 2.c4 e6 3.Nc3 Bb4 4.f3 d5 5.a3 Bxc3+ 6.bxc3 c5 7.cxd5 Nxd5 8.dxc5 Qa5
9.e4 Nf6 10.Be3 O-O 11.Qb3 Nfd7 12.Bb5 Qc7 13.Qb4 Nc6 14.Bxc6 bxc6 15.Qa4 Rb8
16.Nh3 Rb5 17.O-O Nxc5 18.Qc4 Nb3 19.Rab1 Nd2 20.Bxd2 Qb6+ 21.Be3 Qxe3+ 22.Nf2 Rc5
23.Qd4 Qxc3 24.Qxc3 Rxc3 25.Rfc1 Rxa3 26.Rxc6 e5 27.Rd6 Ba6 28.Ng4 f6 29.Kf2 Rc8
30.Rd7 Rc2+ 31.Kg3 Bc8 32.Rb8 Rac3 33.h4 Rc7 34.Rd8+ Kf7 35.Ne3 Rc1 36.Nd5 R7c2
37.Ra8 Be6 38.Rxa7+ Kg6 39.Re8 Bxd5 40.Ree7 Bxe4 41.fxe4 Rc3+ 42.Kh2 Kh5
43.Rxg7 h6 44.Ra2 Rc7 45.Rg8 Rc8 46.Rg7 R8c7 47.Rg8 Rc8 48.Rg7  1/2-1/2

[Event "HUN-chT2 9495"]
[Site "HUN"]
[Date "1995.??.??"]
[Round "?"]
[White "Krizsany, Laszlo"]
[Black "Doery, Jeno"]
[Result "1-0"]
[WhiteElo "2440"]
[BlackElo "2340"]

1.d4 Nf6 2.c4 e6 3.Nc3 Bb4 4.f3 c5 5.d5 O-O 6.e4 Re8 7.Ne2 exd5 8.cxd5 d6
9.Ng3 a6 10.Be2 Nbd7 11.O-O b5 12.a4 bxa4 13.Qxa4 Ne5 14.Bg5 Bd7 15.Qc2 h6
16.Be3 a5 17.h3 Qb8 18.Qd2 a4 19.f4 Ng6 20.f5 Nf8 21.Bxh6 gxh6 22.Qxh6 N8h7
23.Nh5 Nxh5 24.Bxh5 f6 25.Bf7+ Kh8 26.Bg6 Re7 27.Bxh7 Rxh7 28.Qxf6+ Kg8 29.Rf4 Qf8
30.Rg4+ Rg7 31.Rxg7+ Qxg7 32.Qxd6 Bxc3 33.bxc3 Qxc3 34.Rf1 Be8 35.Rf3 Qd4+
36.Kh2 Ra7 37.e5  1-0

[Event "HUN-chT2 9495"]
[Site "HUN"]
[Date "1995.??.??"]
[Round "?"]
[White "Krizsany, Laszlo"]
[Black "Somogyi, Istvan"]
[Result "1/2-1/2"]
[WhiteElo "2395"]
[BlackElo "2270"]

1.d4 Nf6 2.c4 e6 3.Nc3 Bb4 4.f3 d5 5.a3 Bxc3+ 6.bxc3 c5 7.cxd5 Nxd5 8.dxc5 Qa5
9.e4 Nxc3 10.Qd2 Nc6 11.Bb2 Na4 12.Qxa5 Nxa5 13.Bxg7 Rg8 14.Bf6 Bd7 15.Nh3 Nxc5
16.Kf2 Bc6 17.Be2 Bxe4 18.Rac1 Nab3 19.Rc3 Bc6 20.Rd1 Rg6 21.Be5 b6 22.g4 f6
23.Bg3 e5 24.Bd3 Nxd3+ 25.Rdxd3 Nc5 26.Rd6 Bd7 27.Ke3 Ke7 28.Rd2 Rgg8 29.Nf2 Rac8
30.Bh4 Be6 31.Nd3 Nxd3 32.Rcxd3 Rc6 33.h3 Rgc8 34.f4 exf4+ 35.Kxf4 Rc4+ 36.Kg3 Rc3
37.g5 fxg5 38.Bxg5+ Kf7 39.h4 Bf5 40.Rxc3 Rxc3+ 41.Kf4 Be6 42.Ke5 Bg4 43.Rd4 Rc5+  1/2-1/2

[Event "ITA-chT"]
[Site "Italy"]
[Date "1995.??.??"]
[Round "?"]
[White "Patelli, Alessandro"]
[Black "Albano, Marco"]
[Result "1-0"]
[WhiteElo "2205"]
[BlackElo "2230"]

1.d4 Nf6 2.c4 e6 3.Nc3 Bb4 4.f3 c5 5.d5 b5 6.e4 bxc4 7.Bxc4 exd5 8.Bxd5 Nxd5
9.Qxd5 Nc6 10.Ne2 Ba6 11.Be3 O-O 12.a3 Bxe2 13.Kxe2 Ne7 14.Qd3 Bxc3 15.Qxc3 d6
16.Rhd1 Ng6 17.Kf1 f5 18.Bxc5 fxe4 19.Bxd6 Rf7 20.Bg3 Qf8 21.Qc4 exf3 22.Rd7 Qe8
23.Rxf7 fxg2+ 24.Kxg2 Qxf7 25.Qxf7+ Kxf7 26.Rc1 Ne7 27.Rc7 Ke6 28.Kf3 h5
29.Ke4 g5 30.Bf2 Rf8 31.Rxe7+ Kxe7 32.Bc5+  1-0

[Event "Kosice op"]
[Site "Kosice"]
[Date "1995.??.??"]
[Round "?"]
[White "Kamenets, Anatolij"]
[Black "Csolto, Tibor"]
[Result "0-1"]
[WhiteElo "2310"]
[BlackElo "2120"]

1.d4 Nf6 2.c4 e6 3.Nc3 Bb4 4.f3 d5 5.a3 Bxc3+ 6.bxc3 c5 7.cxd5 exd5 8.e3 O-O
9.Bd3 Re8 10.Ne2 b6 11.O-O Ba6 12.Bxa6 Nxa6 13.Qd3 Nc7 14.Ng3 Ne6 15.Bb2 c4
16.Qd2 h5 17.Bc1 g6 18.Nh1 Ng7 19.Nf2 Re6 20.Re1 Qe7 21.Ra2 Re8 22.Qd1 b5
23.Rae2 a5 24.Qc2 b4 25.axb4 axb4 26.cxb4 Qxb4 27.Nd1 Nf5 28.Bb2 Nd6 29.Nc3 Qb3
30.Qd2 Nb5 31.Ra1 Nxc3 32.Bxc3 Qb7 33.Kf2 Ra6 34.Rxa6 Qxa6 35.Qb2 Qd6 36.Kg1 Rb8
37.Qc2 Rb3 38.e4 Qa3 39.Bb2 Qb4 40.e5 c3 41.Bc1 Ne8 42.e6 Qxd4+ 43.Be3 Qc4
44.exf7+ Kxf7 45.Qa2 Qb5 46.Bd4 Qc4 47.Qa7+ Nc7 48.Bc5 Rb7 49.Re7+ Kf6 50.Qa3 Rb3
51.Qa7 c2 52.Qa1+ Rc3 53.Ba3 Qd4+ 54.Kh1 Qd1+  0-1

[Event "Las Palmas op"]
[Site "Las Palmas"]
[Date "1995.??.??"]
[Round "7"]
[White "Blazquez, Denis"]
[Black "Garcia Padron, Jose"]
[Result "1/2-1/2"]
[WhiteElo "2205"]
[BlackElo "2410"]

1.d4 Nf6 2.c4 e6 3.Nc3 Bb4 4.f3 d5 5.a3 Bxc3+ 6.bxc3 h6 7.cxd5 exd5 8.e3 O-O
9.Bd3 Re8 10.Ne2 b6 11.O-O c5 12.Ng3 Ba6 13.Bxa6 Nxa6 14.Qd3 Nc7 15.Bb2 c4
16.Qd2 h5 17.Rae1 Qd7 18.Qc2 Qe6 19.Qf5 g6 20.Qg5 Nh7 21.Qh6 Qf6 22.e4 h4
23.Nh1 Qg5 24.Qxg5 Nxg5 25.Bc1 Nge6 26.Bd2 Kg7 27.Nf2 Rh8 28.Nh3 Rad8 29.e5 Rh5
30.Nf2 Kf8 31.Ng4 Ne8 32.a4 Ke7 33.Ne3 N8c7 34.f4 Ng7 35.Ng4 Nf5 36.Nf6 Rhh8
37.Rf3 Ne8 38.Ng4 Ke6 39.Rh3 Neg7 40.Rf1 a6 41.Rb1 Rb8 42.Nf6 b5 43.axb5 axb5
44.g4 Ne7 45.Rf3 Rb7 46.Ra1 Rc8 47.Rff1 Nc6 48.Ra6 Rbc7 49.Rb1 Ne8 50.f5+ gxf5
51.gxf5+ Kxf5 52.Nxd5 Rb7 53.Re1 b4 54.Nb6 bxc3 55.Bxc3 Rd8 56.Nxc4 Nxd4
57.Bxd4 Rxd4 58.Nd6+ Nxd6 59.Rxd6 Rg4+ 60.Kh1 h3 61.Rf6+ Kg5 62.Rg1 Re7 63.Rxg4+ Kxg4
64.Kg1 Ra7 65.Rf1 Rb7 66.Rf6 Rb1+ 67.Kf2 Rb2+ 68.Kg1 Rb1+ 69.Kf2 Rh1 70.Rxf7 Rxh2+
71.Kg1 Rg2+ 72.Kh1 Re2 73.Rg7+ Kf3 74.Rh7 h2 75.Rh3+ Kg4 76.Rxh2 Re1+ 77.Kg2 Rxe5
78.Rh8  1/2-1/2

[Event "Le Touquet op"]
[Site "Le Touquet"]
[Date "1995.??.??"]
[Round "?"]
[White "Chardin, Thierry"]
[Black "Bouton, Christophe"]
[Result "0-1"]
[WhiteElo "2165"]
[BlackElo "2260"]

1.d4 e6 2.c4 Nf6 3.Nc3 Bb4 4.f3 c5 5.d5 b5 6.dxe6 fxe6 7.Qd6 bxc4 8.e4 Qb6
9.Bf4 Nc6 10.Bxc4 Ba6 11.Bxa6 Qxa6 12.Ne2 c4 13.Qd2 O-O 14.O-O d5 15.exd5 exd5
16.Nd4 Rfe8 17.Kh1 Bc5 18.Ndb5 d4 19.Nc7 dxc3 20.Nxa6 cxd2 21.Nxc5 Re2 22.Rad1 Rd8
23.Na4 Nb4 24.Nc3 Re1 25.Rfxe1 dxe1=Q+ 26.Rxe1 Nd3  0-1

[Event "Madrid-ch"]
[Site "Madrid"]
[Date "1995.??.??"]
[Round "4"]
[White "Gallego, Victoriano"]
[Black "Del Rio de Angeles, Gabriel"]
[Result "1-0"]
[WhiteElo "2345"]
[BlackElo "2360"]

1.d4 e6 2.c4 Nf6 3.Nc3 Bb4 4.f3 d5 5.a3 Bxc3+ 6.bxc3 c5 7.cxd5 Nxd5 8.Qd2 cxd4
9.cxd4 f5 10.e3 O-O 11.Nh3 Nc6 12.Bd3 e5 13.dxe5 Nxe5 14.Be2 Be6 15.Bb2 Nc6
16.O-O Nf4 17.Qc2 Nxh3+ 18.gxh3 Qg5+ 19.Kh1 Qxe3 20.Bc4 Bxc4 21.Qxc4+ Kh8
22.Rae1 Qh6 23.Rg1 Rg8 24.Qf7  1-0

[Event "Mitropa Cup"]
[Site "?"]
[Date "1995.??.??"]
[Round "3"]
[White "Costa, Jean Luc"]
[Black "Kachiani Gersinska, Ketino"]
[Result "1-0"]
[WhiteElo "2425"]
[BlackElo "2380"]

1.d4 Nf6 2.c4 e6 3.Nc3 Bb4 4.f3 c5 5.d5 Bxc3+ 6.bxc3 d6 7.e4 Qe7 8.Ne2 Nbd7
9.Ng3 Nb6 10.Be2 Bd7 11.a4 a5 12.O-O h5 13.dxe6 fxe6 14.Qb3 Ra6 15.e5 dxe5
16.Bg5 Bc6 17.Bd3 h4 18.Bg6+ Kd8 19.Ne4 Kc8 20.Rfd1 Rd8 21.Rxd8+ Kxd8 22.Bxh4 Kc7
23.Bg3 Nfd7 24.h4 Ra8 25.Nf2 Rf8 26.Re1 Bxa4 27.Qa2 Kc8 28.Nd3 Bc6 29.Qxa5 Nxc4
30.Qa7 Qd6 31.Qa2 Bd5 32.Qe2 Kc7 33.Nf2 b5 34.Bd3 Kb6 35.Rb1 Na3 36.Rb2 b4
37.Ne4 Qb8 38.Bf2 Kc6 39.cxb4 c4 40.b5+ Kb7 41.Bb1 Qc7 42.Nc3 Nxb1 43.Rxb1 Ra8
44.Qd2 Qd6 45.Qc1 Nc5 46.Qg5 Nd3 47.Qxg7+ Qc7 48.Qxc7+ Kxc7 49.Be3 Rh8 50.Bg5 Kb6
51.Kf1 Rh7 52.Ke2 Nf4+ 53.Kf2 Kc5 54.Bxf4 exf4 55.b6 Bb7 56.Ne4+ Bxe4 57.fxe4 Rb7
58.h5 c3 59.h6 c2 60.Rc1 Rxb6 61.h7 Rb8 62.Rxc2+ Kd4 63.Kf3 Ke5 64.Rc5+ Kf6
65.Rh5 Rh8 66.e5+ Kg6 67.Kg4 Rxh7 68.Rxh7 Kxh7 69.Kxf4 Kh6 70.Kg4 Kg6 71.g3 Kh6
72.Kh4 Kg6 73.g4 Kh6 74.g5+ Kg6 75.Kg4 Kg7 76.Kh5 Kh7 77.g6+ Kg8 78.g7 Kxg7
79.Kg5 Kf7 80.Kh6 Kf8 81.Kg6 Ke7 82.Kg7  1-0

[Event "Moscow op2"]
[Site "Moscow"]
[Date "1995.??.??"]
[Round "3"]
[White "Kosyrev, Vladimir"]
[Black "Kastanieda, Georgiy"]
[Result "1/2-1/2"]
[WhiteElo "2155"]
[BlackElo "2400"]

1.d4 e6 2.c4 Nf6 3.Nc3 Bb4 4.f3 d5 5.a3 Bxc3+ 6.bxc3 c5 7.cxd5 Nxd5 8.dxc5 Qa5
9.e4 Ne7 10.Be3 O-O 11.Qb3 Qc7 12.a4 Nec6 13.Nh3 e5 14.Nf2 Be6 15.Qa3 Na5
16.Be2 Bc4 17.Rd1 Bxe2 18.Kxe2 Nc4 19.Qb4 Nxe3 20.Kxe3 Na6 21.Qc4 Rac8 22.Rd5 Qe7
23.Nd3 Qg5+ 24.Kf2 Qd2+ 25.Kg3 Qg5+ 26.Kf2 Qd2+  1/2-1/2